Agroecological economics : Sustainability and biodiversity
Agroecological Economics analyzes the current topics that must be addressed in order to provide sustainable agricultural systems. It explains the economics of land-use ecology with emphasis on changing over from a conventional model of agriculture to environmentally- and ecologically-friendly models...
Сохранить в:
| Главный автор: | |
|---|---|
| Формат: | |
| Язык: | Undetermined |
| Опубликовано: |
Boston, MA
Elsevier
2007
|
| Предметы: | |
| Метки: |
Добавить метку
Нет меток, Требуется 1-ая метка записи!
|
| Thư viện lưu trữ: | Trung tâm Học liệu Trường Đại học Cần Thơ |
|---|
| LEADER | 00986nam a2200217Ia 4500 | ||
|---|---|---|---|
| 001 | CTU_132432 | ||
| 008 | 210402s9999 xx 000 0 und d | ||
| 020 | |c 1133000 | ||
| 082 | |a 631.277 | ||
| 082 | |b P324 | ||
| 100 | |a Wojtkowski, Paul. | ||
| 245 | 0 | |a Agroecological economics : | |
| 245 | 0 | |b Sustainability and biodiversity | |
| 245 | 0 | |c Paul Wojtkowski | |
| 260 | |a Boston, MA | ||
| 260 | |b Elsevier | ||
| 260 | |c 2007 | ||
| 520 | |a Agroecological Economics analyzes the current topics that must be addressed in order to provide sustainable agricultural systems. It explains the economics of land-use ecology with emphasis on changing over from a conventional model of agriculture to environmentally- and ecologically-friendly models and the financial incentives that are important to these practices. | ||
| 650 | |a Sustainable agriculture,Agricultural ecology,Sinh thái nông nghiệp | ||
| 904 | |i Tuyến | ||
| 980 | |a Trung tâm Học liệu Trường Đại học Cần Thơ | ||